Scene da film - Statistics

Statistiche generali
  • Questo quiz è stato fatto 727 volte
  • Il punteggio medio è 11 su 16
Statistiche sulle risposte
con Immagini Risposta % Corretto
Il Padrino
97%
Ritorno al futuro
97%
Forrest Gump
96%
Il gladiatore
94%
Lo squalo
92%
Pulp Fiction
84%
L'attimo fuggente
74%
Rocky
74%
Terminator
71%
Scarface
69%
Pretty Woman
67%
Fight Club
54%
C'era una volta in America
44%
Eyes Wide Shut
40%
Rain Man
34%
Intervista col vampiro
31%
Nessun quiz corrispondente trovato
Distribuzione punteggi
Percentuale di utenti per punteggio
Percentile per numero di risposta
I tuoi punteggi nel tempo
Non hai fatto questo quiz